<?xml version="1.0" encoding="UTF-8"?>
<record
    xmlns:xsi="http://www.w3.org/2001/XMLSchema-instance"
    xsi:schemaLocation="http://www.loc.gov/MARC21/slim http://www.loc.gov/standards/marcxml/schema/MARC21slim.xsd"
    xmlns="http://www.loc.gov/MARC21/slim">

  <leader>00810naa a2200241 uc4500</leader>
  <controlfield tag="001">814356</controlfield>
  <controlfield tag="005">20240412092756.0</controlfield>
  <controlfield tag="008">021004e19981001                    spa  </controlfield>
  <datafield tag="020" ind1=" " ind2=" ">
    <subfield code="a">9586146138</subfield>
  </datafield>
  <datafield tag="035" ind1=" " ind2=" ">
    <subfield code="a">814356</subfield>
    <subfield code="z">3128</subfield>
  </datafield>
  <datafield tag="040" ind1=" " ind2=" ">
    <subfield code="c">comduadb</subfield>
  </datafield>
  <datafield tag="041" ind1=" " ind2=" ">
    <subfield code="a">spa</subfield>
  </datafield>
  <datafield tag="100" ind1="1" ind2="0">
    <subfield code="a">Restrepo Yusti, Manuel</subfield>
    <subfield code="4">aut</subfield>
    <subfield code="0">(isni)0000 0000 3182 0117</subfield>
    <subfield code="0">(viaf)63285413</subfield>
    <subfield code="e">aut</subfield>
    <subfield code="9">313391</subfield>
  </datafield>
  <datafield tag="245" ind1="1" ind2="4">
    <subfield code="a">Los derechos humanos en Colombia 1980-1996</subfield>
  </datafield>
  <datafield tag="260" ind1=" " ind2=" ">
    <subfield code="a">Santaf&#xE9; de Bogot&#xE1; :</subfield>
    <subfield code="b">Editorial Planeta,</subfield>
    <subfield code="c">1998.</subfield>
  </datafield>
  <datafield tag="300" ind1=" " ind2=" ">
    <subfield code="a">p.289-311</subfield>
  </datafield>
  <datafield tag="650" ind1=" " ind2="7">
    <subfield code="a">Derechos humanos</subfield>
    <subfield code="2">lemb</subfield>
    <subfield code="9">30097</subfield>
  </datafield>
  <datafield tag="650" ind1=" " ind2="7">
    <subfield code="a">Paz</subfield>
    <subfield code="2">lemb</subfield>
    <subfield code="9">1513</subfield>
  </datafield>
  <datafield tag="650" ind1=" " ind2="7">
    <subfield code="a">Guerra</subfield>
    <subfield code="2">lemb</subfield>
    <subfield code="9">26922</subfield>
  </datafield>
  <datafield tag="650" ind1=" " ind2="7">
    <subfield code="a">Violencia</subfield>
    <subfield code="2">embne</subfield>
    <subfield code="9">32770</subfield>
  </datafield>
  <datafield tag="773" ind1="0" ind2=" ">
    <subfield code="t">Nueva historia de Colombia</subfield>
    <subfield code="g">Historia politica desde 1986 : v.7</subfield>
    <subfield code="w">866582</subfield>
    <subfield code="z">9586142515</subfield>
    <subfield code="w">(OCoLC)777878693</subfield>
    <subfield code="0">307435</subfield>
  </datafield>
  <datafield tag="942" ind1=" " ind2=" ">
    <subfield code="c">BKCAP</subfield>
  </datafield>
  <datafield tag="999" ind1=" " ind2=" ">
    <subfield code="c">261867</subfield>
    <subfield code="d">261867</subfield>
  </datafield>
</record>
